[Event "BL2 Sued 2122 (Women)"]
[Site "Germany"]
[Date "2022.03.19"]
[Round "4.5"]
[White "Muench, Ursula"]
[Black "Wilke, Tabea"]
[Result "1-0"]
[WhiteElo "1799"]
[BlackElo "1749"]
[PlyCount "117"]
[EventDate "2021.11.27"]
[EventType "team-tourn"]
[EventRounds "7"]
[EventCountry "GER"]
[SourceTitle "EXT 2023"]
[Source "ChessBase"]
[SourceDate "2022.10.05"]
[SourceVersion "1"]
[SourceVersionDate "2022.10.05"]
[SourceQuality "1"]
[WhiteTeam "Augsburg (W)"]
[BlackTeam "Gernsheim (W)"]
[WhiteTeamCountry "GER"]
[BlackTeamCountry "GER"]

1. Nf3 Nf6 2. g3 e6 3. Bg2 d5 4. d3 c5 5. Nbd2 Be7 6. e4 0-0 7. 0-0 Nc6 8. Re1 Qc7 9. e5 Nd7 10. Qe2 b5 11. Nf1 a5 12. Bf4 Qb6 13. h4 c4 14. N1h2 Ba6 15. Ng4 b4 16. dxc4 Bxc4 17. Qd2 Nc5 18. Be3 d4 19. Nxd4 Nxd4 20. Qxd4 Bd5 21. Nf6+ Bxf6 22. exf6 Bxg2 23. Kxg2 Qc6+ 24. f3 Nb7 25. fxg7 Rfd8 26. Qe4 Qxe4 27. fxe4 Kxg7 28. Rad1 Rac8 29. Rxd8 Rxd8 30. Re2 Rd7 31. Rd2 Rxd2+ 32. Bxd2 Kf6 33. c3 bxc3 34. Bxc3+ Ke7 35. Kf3 a4 36. Kf4 f6 37. e5 fxe5+ 38. Bxe5 Nc5 39. Kg5 Kf7 40. Kh6 Kg8 41. Bd4 Nd3 42. g4 e5 43. Bc3 e4 44. b4 axb3 45. axb3 e3 46. b4 e2 47. b5 Ne5 48. Kg5 Kf7 49. b6 Nd7 50. b7 Nb8 51. Kf4 Ke7 52. Ke3 Kd7 53. Kxe2 Kc6 54. Be5 Kxb7 55. Bxb8 Kxb8 56. Kf3 Kc8 57. Kf4 Kd8 58. Kg5 Ke7 59. Kh6 1-0

[Event "BL2 Sued 2122 (Women)"]
[Site "Germany"]
[Date "2022.02.20"]
[Round "3.3"]
[White "Muench, Ursula"]
[Black "Kobald, Jacqueline"]
[Result "1-0"]
[WhiteElo "1792"]
[BlackElo "2015"]
[PlyCount "89"]
[EventDate "2021.11.27"]
[EventType "team-tourn"]
[EventRounds "7"]
[EventCountry "GER"]
[SourceTitle "EXT 2023"]
[Source "ChessBase"]
[SourceDate "2022.10.05"]
[SourceVersion "1"]
[SourceVersionDate "2022.10.05"]
[SourceQuality "1"]
[WhiteTeam "Augsburg (W)"]
[BlackTeam "Stuttgart Wolfbusch (W)"]
[WhiteTeamCountry "GER"]
[BlackTeamCountry "GER"]

1. Nf3 c5 2. g3 Nc6 3. Bg2 g6 4. 0-0 Bg7 5. e4 Nf6 6. d3 0-0 7. Nc3 d5 8. Re1 dxe4 9. dxe4 Qxd1 10. Nxd1 Bg4 11. c3 Rfd8 12. Bf4 Nd7 13. h3 Be6 14. Ne3 Nde5 15. Nxe5 Nxe5 16. Bxe5 Bxe5 17. Nd5 Kf8 18. f4 Bb8 19. Rad1 g5 20. e5 Bd7 21. Nf6 exf6 22. Bxb7 fxe5 23. Bxa8 gxf4 24. Bc6 Ke7 25. Rxd7+ Rxd7 26. Bxd7 Kxd7 27. gxf4 exf4 28. c4 f6 29. Rd1+ Bd6 30. Rd5 Ke6 31. Rh5 a5 32. b3 Be5 33. Rxh7 Kf5 34. Ra7 Bc3 35. Re7 f3 36. Kf1 Kf4 37. Rg7 Bd4 38. h4 f5 39. Rg8 Ke4 40. h5 Kd3 41. h6 Kc2 42. h7 Kb2 43. h8Q Bxh8 44. Rxh8 Kxa2 45. Rb8 1-0

[Event "BL2 Sued 2122 (Women)"]
[Site "Germany"]
[Date "2021.11.28"]
[Round "2.5"]
[White "Muench, Ursula"]
[Black "Basovskiy, Jana"]
[Result "1/2-1/2"]
[WhiteElo "1792"]
[BlackElo "1840"]
[PlyCount "48"]
[EventDate "2021.11.27"]
[EventType "team-tourn"]
[EventRounds "7"]
[EventCountry "GER"]
[SourceTitle "EXT 2023"]
[Source "ChessBase"]
[SourceDate "2022.10.05"]
[SourceVersion "1"]
[SourceVersionDate "2022.10.05"]
[SourceQuality "1"]
[WhiteTeam "Augsburg (W)"]
[BlackTeam "Karlsruhe (W)"]
[WhiteTeamCountry "GER"]
[BlackTeamCountry "GER"]

1. Nf3 Nf6 2. g3 e6 3. Bg2 d5 4. 0-0 Bd6 5. c4 c6 6. cxd5 cxd5 7. d3 0-0 8. Nc3 Nc6 9. e4 d4 10. Nb5 Bb8 11. Bg5 e5 12. Na3 h6 13. Bd2 Be6 14. b4 a6 15. Qc2 Bd6 16. Rfb1 a5 17. Nc4 Bxc4 18. Qxc4 Rc8 19. Qb5 Nxb4 20. Bxb4 Bxb4 21. Rc1 Qe7 22. Bh3 Rxc1+ 23. Rxc1 Re8 24. Bc8 Bc3 1/2-1/2

[Event "BL2 Sued 2122 (Women)"]
[Site "Germany"]
[Date "2021.11.27"]
[Round "1.5"]
[White "Denz, Annika"]
[Black "Muench, Ursula"]
[Result "0-1"]
[WhiteElo "1632"]
[BlackElo "1792"]
[PlyCount "116"]
[EventDate "2021.11.27"]
[EventType "team-tourn"]
[EventRounds "7"]
[EventCountry "GER"]
[SourceTitle "EXT 2023"]
[Source "ChessBase"]
[SourceDate "2022.10.05"]
[SourceVersion "1"]
[SourceVersionDate "2022.10.05"]
[SourceQuality "1"]
[WhiteTeam "Freiburg Zaehringen (W)"]
[BlackTeam "Augsburg (W)"]
[WhiteTeamCountry "GER"]
[BlackTeamCountry "GER"]

1. e4 c5 2. Nc3 Nc6 3. Nf3 g6 4. d3 Bg7 5. Ne2 Nf6 6. Ng3 d5 7. Be2 0-0 8. 0-0 Qc7 9. Bg5 b6 10. Bxf6 Bxf6 11. exd5 Nb4 12. c3 Nxd5 13. h3 Nf4 14. Nh2 Bb7 15. Bf3 Rad8 16. Rb1 Rxd3 17. Qc1 Nxh3+ 18. gxh3 Bxf3 19. Qc2 Rfd8 20. Nxf3 Rxf3 21. Rbd1 Rxd1 22. Rxd1 Qf4 23. Qe2 Bh4 24. Kg2 Rxg3+ 25. fxg3 Qxg3+ 26. Kf1 Qxh3+ 27. Qg2 Qf5+ 28. Kg1 e5 29. Rf1 Qd3 30. Qa8+ Kg7 31. Qxa7 Qe3+ 32. Kg2 Qe2+ 33. Kg1 Qg4+ 34. Kh1 Qe6 35. a4 Bg3 36. Kg2 Bf4 37. Rf3 Qg4+ 38. Kf2 e4 39. Rxf4 Qxf4+ 40. Ke2 Qf3+ 41. Ke1 e3 42. Qd7 Qf2+ 43. Kd1 e2+ 44. Kc2 e1Q+ 45. Kb3 Qe6+ 46. Qxe6 fxe6 47. Kc4 Qxb2 48. a5 Qa2+ 49. Kd3 Qxa5 50. c4 Kf6 51. Ke3 Kf5 52. Kf3 Qc3+ 53. Kf2 Kf4 54. Kg2 Qe3 55. Kh2 Kg4 56. Kg2 Qe2+ 57. Kg1 Kg3 58. Kh1 Qg2# 0-1

[Event "BL2 Sued 1920 (Women)"]
[Site "Germany"]
[Date "2019.09.14"]
[Round "1.6"]
[White "Le, Mai Linh Lisa"]
[Black "Muench, Ursula"]
[Result "0-1"]
[WhiteElo "1545"]
[BlackElo "1787"]
[PlyCount "82"]
[EventDate "2019.09.14"]
[EventType "team-tourn"]
[EventRounds "7"]
[EventCountry "GER"]
[SourceTitle "EXT 2021"]
[Source "ChessBase"]
[SourceDate "2020.10.23"]
[SourceVersion "1"]
[SourceVersionDate "2020.10.23"]
[SourceQuality "1"]
[WhiteTeam "Gernsheim (W)"]
[BlackTeam "Augsburg (W)"]
[WhiteTeamCountry "GER"]
[BlackTeamCountry "GER"]

1. d4 Nf6 2. c4 g6 3. Nf3 Bg7 4. Nc3 0-0 5. Bf4 d6 6. e3 Nbd7 7. Be2 Nh5 8. 0-0 Nxf4 9. exf4 e5 10. fxe5 dxe5 11. dxe5 Nxe5 12. Qc2 Bf5 13. Qb3 Qc8 14. Rad1 Nxf3+ 15. Bxf3 c6 16. Rfe1 Qc7 17. Qa3 Qf4 18. Ne4 Be5 19. g3 Qh6 20. b3 Qg7 21. Nd6 Bc2 22. Rc1 Bb2 23. Qc5 Bxc1 24. Rxc1 Qb2 25. Re1 Qf6 26. Bg2 Rab8 27. Qb4 a5 28. Qd2 Rbd8 29. c5 Bf5 30. a3 b6 31. b4 axb4 32. axb4 bxc5 33. bxc5 Rb8 34. Ne4 Bxe4 35. Rxe4 Rfd8 36. Qe3 Rd1+ 37. Bf1 Rbb1 38. Rf4 Rxf1+ 39. Kg2 Qe6 40. Re4 Rg1+ 41. Kf3 Qd5 0-1

[Event "BL2 Sued 1920 (Women)"]
[Site "Germany"]
[Date "2019.09.13"]
[Round "5.6"]
[White "Muench, Ursula"]
[Black "Kobald, Jacqueline"]
[Result "0-1"]
[WhiteElo "1787"]
[BlackElo "1885"]
[PlyCount "74"]
[EventDate "2019.09.14"]
[EventType "team-tourn"]
[EventRounds "7"]
[EventCountry "GER"]
[SourceTitle "EXT 2021"]
[Source "ChessBase"]
[SourceDate "2020.10.23"]
[SourceVersion "1"]
[SourceVersionDate "2020.10.23"]
[SourceQuality "1"]
[WhiteTeam "Augsburg (W)"]
[BlackTeam "Stuttgart Wolfbusch (W)"]
[WhiteTeamCountry "GER"]
[BlackTeamCountry "GER"]

1. Nf3 Nf6 2. g3 g6 3. Bg2 Bg7 4. d4 0-0 5. c4 d6 6. 0-0 Nc6 7. Nc3 a6 8. b3 Rb8 9. Bb2 e5 10. d5 Na5 11. e4 Nd7 12. Qe2 b5 13. Nd2 b4 14. Nd1 Nb7 15. a3 a5 16. axb4 axb4 17. Ne3 Nbc5 18. Ra2 Bb7 19. Nc2 Bc8 20. Rfa1 f5 21. Ra8 Rxa8 22. Rxa8 Nb6 23. Ra1 Na6 24. f4 Qe7 25. Ra5 exf4 26. Bxg7 Qxg7 27. e5 Qxe5 28. Qxe5 dxe5 29. c5 Nd7 30. c6 Ndc5 31. Nxb4 Nxb3 32. Nxb3 Nxb4 33. Rb5 Nd3 34. gxf4 Nxf4 35. Nc5 e4 36. Kf1 Nxd5 37. Rb8 Ne7 0-1

[Event "BL 1617 (Women)"]
[Site "Germany"]
[Date "2017.03.05"]
[Round "6.6"]
[White "Muench, Ursula"]
[Black "Schneider, Jana"]
[Result "0-1"]
[WhiteElo "1808"]
[BlackElo "2046"]
[PlyCount "64"]
[EventDate "2016.10.22"]
[EventType "team-tourn"]
[EventRounds "11"]
[EventCountry "GER"]
[SourceTitle "EXT 2018"]
[Source "ChessBase"]
[SourceDate "2017.10.13"]
[SourceVersion "1"]
[SourceVersionDate "2017.10.13"]
[SourceQuality "1"]
[WhiteTeam "Augsburg (W)"]
[BlackTeam "Bad Koenigshofen (W)"]
[WhiteTeamCountry "GER"]
[BlackTeamCountry "GER"]

1. Nf3 d5 2. g3 Bg4 3. Bg2 Nd7 4. 0-0 c6 5. d3 Bxf3 6. Bxf3 Ngf6 7. e4 e6 8. Re1 Bd6 9. Nd2 0-0 10. d4 dxe4 11. Nxe4 Be7 12. Bf4 Nd5 13. Bd6 Bxd6 14. Nxd6 Qc7 15. Nc4 N5b6 16. Ne5 Nxe5 17. dxe5 Rad8 18. Qe2 Rd7 19. Rad1 Rfd8 20. b3 Rxd1 21. Rxd1 Rxd1+ 22. Qxd1 Nd7 23. Qd6 Qxd6 24. exd6 a5 25. a3 Kf8 26. b4 axb4 27. axb4 Ke8 28. c4 Nb8 29. b5 Kd7 30. c5 cxb5 31. Bxb7 b4 32. Be4 Na6 0-1

[Event "BL2 Sued 1516 (Women)"]
[Site "Germany"]
[Date "2015.09.27"]
[Round "2.6"]
[White "Muench, Ursula"]
[Black "Zemke, Christine"]
[Result "1-0"]
[WhiteElo "1770"]
[BlackElo "1741"]
[PlyCount "51"]
[EventDate "2015.09.26"]
[EventType "team-tourn"]
[EventRounds "7"]
[EventCountry "GER"]
[SourceTitle "EXT 2017"]
[Source "ChessBase"]
[SourceDate "2016.10.25"]
[SourceVersion "1"]
[SourceVersionDate "2016.10.25"]
[SourceQuality "1"]
[WhiteTeam "Augsburg (W)"]
[BlackTeam "Mainz Schott (W)"]
[WhiteTeamCountry "GER"]
[BlackTeamCountry "GER"]

1. Nf3 d5 2. g3 e6 3. Bg2 Bd6 4. d3 Nf6 5. 0-0 c5 6. Nbd2 Nc6 7. e4 0-0 8. Re1 Qc7 9. c3 Ne5 10. Nxe5 Bxe5 11. f4 Bxf4 12. gxf4 Qxf4 13. Nf3 Qg4 14. Ne5 Qh4 15. Qe2 b6 16. Rf1 dxe4 17. dxe4 Bb7 18. Rf4 Qg5 19. Rf5 Qh4 20. Bg5 Qh5 21. Bf3 Qh3 22. Rxf6 gxf6 23. Bg4 Qxg4+ 24. Qxg4 fxg5 25. Qxg5+ Kh8 26. Qf6+ 1-0

[Event "BL2 Sued 1415 (Women)"]
[Site "Germany"]
[Date "2014.12.14"]
[Round "5.6"]
[White "Janekovic, Vera"]
[Black "Muench, Ursula"]
[Result "1-0"]
[WhiteElo "1636"]
[BlackElo "1842"]
[PlyCount "85"]
[EventDate "2014.09.27"]
[EventType "team-tourn"]
[EventRounds "7"]
[EventCountry "GER"]
[SourceTitle "CBM 166 Extra"]
[Source "ChessBase"]
[SourceDate "2015.06.18"]
[SourceVersion "1"]
[SourceVersionDate "2015.06.18"]
[SourceQuality "1"]
[WhiteTeam "Muenchen Bayern (W)"]
[BlackTeam "Augsburg (W)"]
[WhiteTeamCountry "GER"]
[BlackTeamCountry "GER"]

1. e4 c5 2. Nf3 Nc6 3. g3 g6 4. Bg2 Bg7 5. 0-0 d6 6. d3 f5 7. c3 e6 8. Re1 fxe4 9. dxe4 Nge7 10. Bg5 0-0 11. Qd2 Ne5 12. Nxe5 Bxe5 13. f4 Bg7 14. Rd1 h6 15. Bh4 Re8 16. Qxd6 Qxd6 17. Rxd6 Nc6 18. g4 Bf8 19. Rd3 c4 20. Rh3 b5 21. e5 Bb7 22. Nd2 Bc5+ 23. Bf2 Bxf2+ 24. Kxf2 Rad8 25. Ne4 Kg7 26. Nd6 Re7 27. Nxb7 Rd2+ 28. Kf1 Nxe5 29. fxe5 Rf7+ 30. Kg1 Rxb2 31. Nd6 Rff2 32. Rg3 Rxa2 33. Rxa2 Rxa2 34. Nxb5 a5 35. Bf1 Ra1 36. Kg2 Re1 37. Bxc4 Rxe5 38. Kf2 a4 39. Re3 Rc5 40. Na3 e5 41. Rf3 Rc7 42. Ke3 Rc5 43. Ke4 1-0

[Event "BL2 Sued 1314 (Women)"]
[Site "Germany"]
[Date "2014.01.26"]
[Round "3.6"]
[White "Muench, Ursula"]
[Black "Spiel, Marianne"]
[Result "0-1"]
[WhiteElo "1701"]
[BlackElo "1921"]
[PlyCount "70"]
[EventDate "2013.11.30"]
[EventType "team-tourn"]
[EventRounds "7"]
[EventCountry "GER"]
[SourceTitle "EXT 2018"]
[Source "ChessBase"]
[SourceDate "2017.10.13"]
[SourceVersion "1"]
[SourceVersionDate "2017.10.13"]
[SourceQuality "1"]
[WhiteTeam "Augsburg (W)"]
[BlackTeam "Muenchen Bayern (W)"]
[WhiteTeamCountry "GER"]
[BlackTeamCountry "GER"]

1. Nf3 Nf6 2. g3 d5 3. Bg2 e6 4. 0-0 Be7 5. d3 c5 6. Nbd2 Nc6 7. e4 dxe4 8. dxe4 e5 9. c3 0-0 10. Qc2 Qc7 11. Nc4 Be6 12. Ne3 h6 13. Nh4 Rfd8 14. Nef5 Bf8 15. f4 g6 16. fxe5 Ng4 17. h3 Ngxe5 18. Ne3 Nd3 19. g4 Qg3 20. Nf3 Nf4 21. Kh1 Nxh3 22. Bxh3 Qxh3+ 23. Qh2 Bxg4 24. Qxh3 Bxh3 25. Rg1 Be6 26. Bd2 Rd3 27. b3 Rad8 28. Rad1 Bg7 29. c4 h5 30. Bc1 Rxd1 31. Rxd1 Rxd1+ 32. Nxd1 Bg4 33. Kg2 Bxf3+ 34. Kxf3 Bd4 35. Bg5 f6 0-1

[Event "BL2 Sued 1213 (Women)"]
[Site "Germany"]
[Date "2013.03.10"]
[Round "7.6"]
[White "Krasnopeyeva, Julia"]
[Black "Muench, Ursula"]
[Result "1-0"]
[WhiteElo "2005"]
[BlackElo "1691"]
[PlyCount "135"]
[EventDate "2012.10.06"]
[EventType "team-tourn"]
[EventRounds "7"]
[EventCountry "GER"]
[SourceTitle "EXT 2018"]
[Source "ChessBase"]
[SourceDate "2017.10.13"]
[SourceVersion "1"]
[SourceVersionDate "2017.10.13"]
[SourceQuality "1"]
[WhiteTeam "Schott Mainz (W)"]
[BlackTeam "Augsburg SG (W)"]
[WhiteTeamCountry "GER"]
[BlackTeamCountry "GER"]

1. e4 c5 2. Nf3 Nc6 3. d4 cxd4 4. Nxd4 g6 5. Nc3 Bg7 6. Be3 Nf6 7. Bc4 0-0 8. Bb3 Ng4 9. Qxg4 Nxd4 10. Qd1 Nxb3 11. axb3 a6 12. 0-0 d6 13. Bd4 Bg4 14. Qd2 Rc8 15. h3 Be6 16. Bxg7 Kxg7 17. Nd5 Bxd5 18. exd5 Qb6 19. Rfe1 Rfe8 20. Ra4 e5 21. dxe6 Rxe6 22. Rxe6 fxe6 23. Rh4 Rc7 24. b4 e5 25. c3 Rf7 26. Re4 Qc6 27. Re3 Rd7 28. f4 exf4 29. Qd4+ Kh6 30. Qxf4+ Kg7 31. Qd4+ Kh6 32. Re4 Rf7 33. Rh4+ Kg5 34. Re4 Qb5 35. Qd2+ Kf6 36. Qxd6+ Kg7 37. Qd4+ Kg8 38. Re1 Qf5 39. Re8+ Rf8 40. Rxf8+ Qxf8 41. Qd5+ Qf7 42. Qxf7+ Kxf7 43. Kf2 Ke6 44. Ke3 Ke5 45. h4 Kd5 46. b3 Ke5 47. g3 Kf5 48. Kf3 h5 49. c4 g5 50. c5 gxh4 51. gxh4 Ke5 52. Ke3 Kf5 53. Kd4 Kg4 54. Kd5 Kxh4 55. Kd6 Kg3 56. Kc7 h4 57. Kxb7 h3 58. c6 h2 59. c7 h1Q+ 60. Kb8 Qd5 61. c8Q Qxb3 62. Qc5 Kf4 63. Ka7 Qa4 64. Kb6 Ke4 65. Qa5 Qd1 66. Kxa6 Qd6+ 67. Qb6 Kd5 68. Qxd6+ 1-0

[Event "BL2 Sued 1112 (Women)"]
[Site "Germany"]
[Date "2011.11.27"]
[Round "4.5"]
[White "Muench, Ursula"]
[Black "Pfanger, Yvonne"]
[Result "1-0"]
[WhiteElo "1783"]
[BlackElo "1406"]
[PlyCount "75"]
[EventDate "2011.10.29"]
[EventType "team-tourn"]
[EventRounds "7"]
[EventCountry "GER"]
[SourceTitle "EXT 2013"]
[Source "ChessBase"]
[SourceDate "2012.11.22"]
[SourceVersion "1"]
[SourceVersionDate "2012.11.22"]
[SourceQuality "1"]
[WhiteTeam "Augsburg (W)"]
[BlackTeam "Mutterstadt (W)"]
[WhiteTeamCountry "GER"]
[BlackTeamCountry "GER"]

1. Nf3 d5 2. g3 Nf6 3. Bg2 Bg4 4. 0-0 e6 5. c4 c6 6. cxd5 exd5 7. d3 Be7 8. Qc2 0-0 9. e4 dxe4 10. dxe4 Nbd7 11. Rd1 Qa5 12. h3 Bxf3 13. Bxf3 Qc5 14. Nc3 Ne5 15. Bg2 Rad8 16. Be3 Qa5 17. Na4 a6 18. Rxd8 Bxd8 19. f4 Ned7 20. a3 Qc7 21. Rc1 Qb8 22. b4 Re8 23. Qd3 b5 24. Nc5 Nxc5 25. Bxc5 Bb6 26. e5 Rd8 27. Qe3 Nd5 28. Bxd5 Bxc5 29. Bxf7+ Kxf7 30. Qxc5 Rd2 31. Rc2 Rd3 32. Rc3 Rd2 33. Qxc6 Qa7+ 34. Qc5 Qd7 35. Qc7 Ke7 36. Qxd7+ Kxd7 37. Kf1 Rh2 38. g4 1-0

[Event "BL2 Sued 1112 (Women)"]
[Site "Germany"]
[Date "2011.10.30"]
[Round "2.5"]
[White "Storkebaum, Ulrike"]
[Black "Muench, Ursula"]
[Result "1/2-1/2"]
[WhiteElo "1849"]
[BlackElo "1783"]
[PlyCount "92"]
[EventDate "2011.10.29"]
[EventType "team-tourn"]
[EventRounds "7"]
[EventCountry "GER"]
[SourceTitle "EXT 2013"]
[Source "ChessBase"]
[SourceDate "2012.11.22"]
[SourceVersion "1"]
[SourceVersionDate "2012.11.22"]
[SourceQuality "1"]
[WhiteTeam "Hofheim (W)"]
[BlackTeam "Augsburg (W)"]
[WhiteTeamCountry "GER"]
[BlackTeamCountry "GER"]

1. e4 c5 2. Nf3 Nc6 3. d4 cxd4 4. Nxd4 g6 5. Be3 Bg7 6. c4 Nf6 7. Nc3 0-0 8. Be2 d6 9. 0-0 Bd7 10. Rc1 b6 11. f4 Rc8 12. b3 Qc7 13. Nd5 Nxd5 14. cxd5 Bxd4 15. Bxd4 Nxd4 16. Qxd4 Qb7 17. Bd3 Rxc1 18. Rxc1 Rc8 19. Qe3 Rxc1+ 20. Qxc1 Qc8 21. Qxc8+ Bxc8 22. Kf2 e6 23. Bc4 exd5 24. Bxd5 Be6 25. Bc6 Kf8 26. Ke3 Ke7 27. Kd4 f6 28. Bd5 h6 29. b4 Bd7 30. a3 Bb5 31. g3 Bd7 32. Bc4 Bc6 33. b5 Bd7 34. a4 Bg4 35. Bb3 Bd7 36. Bc2 Bc8 37. h4 Bd7 38. Kd5 g5 39. hxg5 hxg5 40. f5 Be8 41. Kc4 Bf7+ 42. Kd4 Kd7 43. Kc3 d5 44. Kd4 dxe4 45. Kxe4 Kd6 46. Kd4 Bd5 1/2-1/2

[Event "BL2 Sued 1011 (Women)"]
[Site "Germany"]
[Date "2010.12.05"]
[Round "4.6"]
[White "Muench, Ursula"]
[Black "Erbs, Susan"]
[Result "1/2-1/2"]
[WhiteElo "1768"]
[BlackElo "2017"]
[PlyCount "85"]
[EventDate "2010.11.06"]
[EventType "team-tourn"]
[EventRounds "7"]
[EventCountry "GER"]
[SourceTitle "EXT 2012"]
[Source "ChessBase"]
[SourceDate "2011.11.24"]
[SourceVersion "1"]
[SourceVersionDate "2011.11.24"]
[SourceQuality "1"]
[WhiteTeam "Augsburg (W)"]
[BlackTeam "Stuttgart Wolfbusch (W)"]
[WhiteTeamCountry "GER"]
[BlackTeamCountry "GER"]

1. Nf3 g6 2. g3 Bg7 3. Bg2 c5 4. 0-0 Nc6 5. e4 e6 6. c3 Nge7 7. d4 cxd4 8. cxd4 d5 9. exd5 Nxd5 10. Nc3 0-0 11. Nxd5 exd5 12. Be3 Qb6 13. Qd2 Be6 14. Rac1 Rac8 15. Rc3 Na5 16. Rxc8 Rxc8 17. b3 Bf5 18. Rc1 Rxc1+ 19. Qxc1 Nc6 20. Qc3 Be4 21. Ne5 Bxg2 22. Nxc6 Bh3 23. Ne7+ Kh8 24. Nxd5 Qa6 25. Qa1 h6 26. Nf4 Bf5 27. Qb2 g5 28. Ne2 Bh3 29. f3 Qd3 30. Qd2 Qb1+ 31. Nc1 Qf5 32. Qf2 Qb1 33. g4 f5 34. gxf5 Bxf5 35. Qd2 Bh3 36. Kf2 Qf5 37. Qd3 Qf6 38. Qe4 Qa6 39. Qe8+ Kh7 40. Qe4+ Kh8 41. Qe8+ Kh7 42. Qe4+ Kh8 43. Qe8+ 1/2-1/2

[Event "BL2 Sued 0708 (Women)"]
[Site "Germany"]
[Date "2007.11.10"]
[Round "1.6"]
[White "Muench, Ursula"]
[Black "Tovmasian, Nelli"]
[Result "1/2-1/2"]
[WhiteElo "1731"]
[BlackElo "1848"]
[PlyCount "43"]
[EventDate "2007.11.10"]
[EventType "team-tourn"]
[EventRounds "7"]
[EventCountry "GER"]
[SourceTitle "EXT 2009"]
[Source "ChessBase"]
[SourceDate "2008.11.26"]
[SourceVersion "1"]
[SourceVersionDate "2008.11.26"]
[SourceQuality "1"]
[WhiteTeam "Augsburg (W)"]
[BlackTeam "Bad Koenigshofen (W)"]
[WhiteTeamCountry "GER"]
[BlackTeamCountry "GER"]

1. Nf3 c5 2. g3 Nc6 3. Bg2 Nf6 4. 0-0 d5 5. d3 e6 6. Nbd2 Bd6 7. e4 0-0 8. Re1 Ng4 9. h3 Nge5 10. Nxe5 Bxe5 11. f4 Bc7 12. e5 f6 13. Nf3 Ne7 14. Nh4 Qe8 15. c3 fxe5 16. fxe5 Ng6 17. d4 Nxh4 18. gxh4 cxd4 19. cxd4 Ba5 20. Bd2 Bxd2 21. Qxd2 Qg6 22. Rf1 1/2-1/2

[Event "BL2 Gr02 0506 (Women)"]
[Site "Germany"]
[Date "2005.10.30"]
[Round "2.6"]
[White "Muench, Ursula"]
[Black "Florev, Milena"]
[Result "1-0"]
[WhiteElo "1799"]
[BlackElo "1541"]
[PlyCount "95"]
[EventDate "2005.10.29"]
[EventType "team-tourn"]
[EventRounds "7"]
[EventCountry "GER"]
[SourceTitle "EXT 2007"]
[Source "ChessBase"]
[SourceDate "2006.11.23"]
[SourceVersion "1"]
[SourceVersionDate "2006.11.23"]
[SourceQuality "1"]
[WhiteTeam "Augsburg"]
[BlackTeam "Leipzig Lok Mitte"]
[WhiteTeamCountry "GER"]
[BlackTeamCountry "GER"]

1. Nf3 d5 2. g3 c5 3. Bg2 Nf6 4. 0-0 e6 5. d3 Nc6 6. Nbd2 Be7 7. e4 0-0 8. Re1 Re8 9. e5 Nd7 10. c3 f6 11. exf6 Bxf6 12. h4 h6 13. Nh2 Nb6 14. Qh5 e5 15. Ng4 Bxg4 16. Qxg4 Qe7 17. Nb3 Kh8 18. Bf4 Qf8 19. Be3 d4 20. Bd2 c4 21. Nc1 cxd3 22. Nxd3 Rad8 23. Be4 Nc4 24. Qg6 Qg8 25. Bxh6 Ne7 26. Qh5 g6 27. Bg5+ Kg7 28. Bxf6+ Kxf6 29. Qg5+ Kg7 30. Nxe5 Nxe5 31. Qxe5+ Kh7 32. h5 Qf7 33. hxg6+ Nxg6 34. Qh5+ Kg7 35. Qxg6+ Qxg6 36. Bxg6 Kxg6 37. Rxe8 Rxe8 38. cxd4 Rd8 39. Rd1 Kf5 40. f3 Ke6 41. Kf2 Kd5 42. Rc1 Rh8 43. Ke3 Rh2 44. Rc5+ Kd6 45. Rb5 Kc6 46. a4 a6 47. Rb3 Rc2 48. Rc3+ 1-0